• 首页
  • 本馆介绍
  • 公告通知
  • 最新文献
  • 馆藏检索
  • 电子资源
  • 读者导购
  • 参考咨询
  • 我的图书馆
  • 登录
  • 详细信息显示
  • 放入我的书架
  • 预约/预借图书
  • 作者相关作品
  • 分类相关作品
  • 丛书相关作品
  • 出版社相关作品

书目信息

  • 表格格式
  • 工作单格式
  • 卡片格式
题名:
影响力
    
 
作者: 崔学良 , 杨光明 著
分册:  
出版信息: 北京   中华工商联合出版社  2012
页数: 214页
开本: 24cm
丛书名:
单 册:
中图分类: F276.3
科图分类:
主题词: 中小企业--市场营销学 , 中小企业 , 市场营销学
电子资源:
ISBN: 978-7-5158-0061-5
000 01159nam0 22002891 450
001 519
005 20140909092621.53
010    @a978-7-5158-0061-5@dCNY29.90
100    @a20120111d2012 em y0chiy50 ea
101 0  @achi
102    @aCN@b110000
105    @aa z 000yy
106    @ar
200 1  @a影响力@AYing Xiang Li@e中小企业版@EZhong Xiao Qi Ye Ban@dThe influence of small companies@f崔学良,杨光明著@FCui Xue Liang, Yang Guang Ming Zhu@zeng
210    @a北京@c中华工商联合出版社@d2012
215    @a214页@c图@d24cm
300    @a销售业务素质自我提升必读 009
330    @a本书从员工职业形象、企业形象识别系统专业性、办公环境、顾问团队、口碑推荐、文案写作、沟通技巧、专家形象、个人营销、媒体沟通、模式复制、创意等方面,提供了营销建议和技巧,全书6个部分20个营销策略,每个策略均列出了具体实施的方案与步骤等内容。
510 1  @aInfluence of small companies@zeng
606 0  @a中小企业@x市场营销学
606 0  @a中小企业
606 0  @a市场营销学
690    @aF276.3@v5
701  0 @a崔学良@ACui Xue Liang@f(1976~)@4著
701  0 @a杨光明@AYang Guang Ming@f(1972~)@4著
801  0 @aCN@bTANGWEI@c20140603
905    @b0836739-41@dF276.3@e1108@f3
    
    影响力:中小企业版=The influence of small companies/崔学良,杨光明著.-北京:中华工商联合出版社,2012
    214页:图;24cm
    销售业务素质自我提升必读 009
    
    ISBN 978-7-5158-0061-5:CNY29.90
    本书从员工职业形象、企业形象识别系统专业性、办公环境、顾问团队、口碑推荐、文案写作、沟通技巧、专家形象、个人营销、媒体沟通、模式复制、创意等方面,提供了营销建议和技巧,全书6个部分20个营销策略,每个策略均列出了具体实施的方案与步骤等内容。
●
相关链接 在E读中查询图书 在五车中查询图书 在当当中查询图书 在豆瓣中查询图书


正题名:影响力     索取号:F276.3/1108         预约/预借

序号 登录号 条形码 馆藏地/架位号 状态 备注
1 0836739   208367391   第一样本阅览室/ [索取号:F276.3/1108] 在馆    
2 0836740   208367408   密集书库-海洋学院/ [索取号:F276.3/1108] 在馆    
3 0836741   208367417   第一借阅区/ [索取号:F276.3/1108] 在馆    
唐山师范学院图书馆 欢迎您!
大连网信软件有限公司© 版权所有